The story of man and the stars.

Bibliographic Details
Main Author: Moore, Patrick
Format: Book
Language:English
Published: New York : Norton, [1955]
Subjects:

MARC

Tag First Indicator Second Indicator Subfields
LEADER 00000cam a2200000 4500
001 in00000053428
005 20151007070243.0
008 730105r19551954nyua 00000 eng u
010 |a  55014771  
035 |a (OCoLC)00529635 
035 |9 AAE3654AM 
040 |c WSU  |d TXA  |d UtOrBLW 
049 |a TXAM  |c [456615] 
050 0 |a QB44  |b .M56 1955 
092 |a 523  |b M823s 
100 1 |a Moore, Patrick. 
245 1 4 |a The story of man and the stars. 
264 1 |a New York :  |b Norton,  |c [1955] 
264 4 |c [©1954] 
300 |a 246 pages :  |b illustrations ;  |c 22 cm. 
336 |a text  |b txt  |2 rdacontent 
337 |a unmediated  |b n  |2 rdamedia 
338 |a volume  |b nc  |2 rdacarrier 
500 |a First published in London in 1954 under title: Suns, myths, and men. 
650 0 |a Astronomy. 
650 0 |a Space flight. 
700 1 |a Moore, Patrick.  |t Suns, myths, and men. 
740 0 |a Suns, myths, and men. 
999 |a MARS 
999 f f |s 33a64d9a-80d7-3c9c-a252-38f2423248b8  |i 95cf75ed-5be5-3db4-9b45-e912dc34f5c4  |t 0 
952 f f |p ric  |a Texas A&M University  |b Rellis Campus  |c Joint Library Facility  |d Remote Storage  |t 0  |e QB44 .M56 1955  |h Library of Congress classification  |i unmediated -- volume  |m A14800900184 
998 f f |a QB44 .M56 1955  |t 0  |l Remote Storage